Before and After...and After Yet Again Quiz Stats

 Plays Quiz Updated Aug 24, 2017

Support Sporcle.
Go Orange.
Score 0/16 Timer 04:00
1 Play Today
% Correct
Nolan Ryan
95%
Lawrence Taylor
93.5%
Paul Simon
93.4%
Frank Herbert
92.4%
Dylan Thomas
92.3%
Buck Henry
91%
Stewart Lee
90.3%
Harry Truman
89.7%
% Correct
James Dean
89%
Lauren Graham
88.8%
Martin Lawrence
85.9%
Elizabeth Gilbert
85.4%
Anthony Burgess
85.2%
Henry Clay
84%
George Harrison
80.9%
Piper Laurie
80.6%

From the Vault

Sitcom Character Mash-Up

by hscer

Remember that one TV show? With that one character? Who was she played by again?
Remove Ads.
Support Sporcle.
Get the best of Sporcle when you Go Orange. This ad-free experience offers more features, more stats, and more fun while also helping to support Sporcle. Thank you for becoming a member.

Show Comments

Extras

Top Quizzes Today


Score Distribution

Your Account Isn't Verified!

In order to create a playlist on Sporcle, you need to verify the email address you used during registration. Go to your Sporcle Settings to finish the process.

Report this User

Report this user for behavior that violates our Community Guidelines.

Details: